| 000 | 00394nam a22001457a 4500 | ||
|---|---|---|---|
| 999 |
_c532995 _d532995 |
||
| 005 | 20191210100025.0 | ||
| 008 | 190125b ||||| |||| 00| 0 eng d | ||
| 040 | _cDLC | ||
| 082 |
_a891.4393 _bMAN |
||
| 100 |
_aManto, Sadat Hassan. _923903 |
||
| 245 |
_aYazeed / _cSadat Hassan Manto. |
||
| 260 |
_aLahore: _bSang-e-Meal Publications, _c2008. |
||
| 300 |
_a166 p, : _c25 cm. |
||
| 942 |
_2ddc _cBK |
||